00498nam a2200133Ia 4500008004100000041001200041082001500053245009900068260000900167650000900176942000700185999001300192952015900205221030s9999 xx 000 0 und d aEnglish a105.23bBE 0aNeural Networks & Fuzzy Systems - A Dynamical Systems Approach to Machine IntelligencebFLOPPY c2000 aBook cCD c173d173 pFloppy 1165l0o105.23 BEr2022-10-30 00:00:00w2022-10-30yCD003Soft Copy4070aMIETLIBbMIETLIBcBL-First, FL-1, CUP-21, SH-0, R-0d2007-04-1010HBE